największe hale widowiskowe w polsce - Statystyki

Ogólne statystyki
  • Ten quiz został rozwiązany 23 razy
  • Średni wynik to 4 z 15
Statystyki odpowiedzi
pojemność arena % Poprawnych
15 030 Tauron Arena
82%
12 109 Atlas Arena
68%
10 731 Ergo Arena
64%
11 016 Spodek
55%
5242 Hala Stulecia
45%
13 384 PreZero Arena
32%
5191 Arena Gorzów
18%
5055 Netto Arena
18%
5702 Arena Toruń
9%
7100 Hala Sportowa Częstochowa
9%
8309 Kongres Katowice
5%
5467 Orlen Arena
5%
5500 Gdańsk Olivia
0%
6078 hala sportowa Bygdoszcz
0%
6710 MOSIR Łódź
0%
Nie znaleziono quizów pasujących do podanych kryteriów
Rozkład punktacji
Procent ludzi z każdym wynikiem
Percentyl według liczby udzielonych odpowiedzi
Twoja historia wyników
Nie rozwiązałeś tego quizu